| 000 | 01190nam0a2200325 4500 | ||
|---|---|---|---|
| 001 | RU\NLR\BIBL_A\016266471 | ||
| 005 | 20230303162842.0 | ||
| 010 |
_a978-5-17-152849-2 _93000 |
||
| 021 |
_aRU _bКН-П-22-089845 _9КН-П-22-7990 |
||
| 035 | _a(NLR Aleph) 016266471 | ||
| 090 |
_a12871968 _c12871968 |
||
| 100 | _a20230123d2022 u y0rusy50 ca | ||
| 101 | 1 |
_arus _ceng |
|
| 102 | _aRU | ||
| 105 | _ay z 000ay | ||
| 181 | 0 |
_ai4 _baxxe |
|
| 182 | 0 | _an | |
| 200 | 1 |
_aСидни Шелдон _iЕсли наступит завтра - 2 _e[роман] _fТилли Бэгшоу _gперевод с английского Т. Перцевой |
|
| 203 |
_aТекст _bвизуальный _cнепосредственный |
||
| 210 |
_aМосква _cАСТ _d2022 |
||
| 215 |
_a382, [1] с. _d18 |
||
| 225 | 1 | _aСерия "Классическая и современная проза" | |
| 333 | _a16+ | ||
| 686 | 1 | _aШ6(4Вл)67-446{Лх1299-60} | |
| 700 | 1 |
_aБэгшоу _bТ. _f1973- _gТилли _3RU\NLR\AUTH\77111943 |
|
| 942 | _cBOOK | ||
| 980 | _aNB | ||